Historia de una gaviota y del gato que le enseñó a volar
Uloženo v:
| Hlavní autor: | |
|---|---|
| Médium: | Kniha |
| Jazyk: | španělština |
| Vydáno: |
Barcelona
Tusquets
2002
|
| Vydání: | 27a. ed |
| Edice: | Colección Andanzas, 280
|
| Témata: | |
| Tagy: |
Přidat tag
Žádné tagy, Buďte první, kdo vytvoří štítek k tomuto záznamu!
|
MARC
| LEADER | 00000nam a2200000 a 4500 | ||
|---|---|---|---|
| 001 | UCL3329 | ||
| 003 | CL-VaPUC | ||
| 008 | 031121e20020000SP |||||||||||||||||spa|d | ||
| 020 | |a 8472237966 | ||
| 082 | 0 | 4 | |a Ch863 |b SEP |2 21 |
| 100 | 0 | |a Sepúlveda, Luis |e author |9 480633 | |
| 245 | 1 | 0 | |a Historia de una gaviota y del gato que le enseñó a volar |
| 250 | |a 27a. ed | ||
| 300 | |a 138 p | ||
| 942 | |c BK | ||
| 945 | |d 20031121 00:00:00 |a cmena | ||
| 260 | |a Barcelona |b Tusquets |c 2002 | ||
| 650 | 0 | |a Novelas chilenas |9 265425 | |
| 650 | 0 | |a Literatura chilena |9 308278 | |
| 583 | |a last modification |c 20031121 00:00:00 |k Rodrigo Vera | ||
| 490 | 0 | |a Colección Andanzas, 280 | |
| 999 | |c 306417 |d 306415 | ||